| 000 | 00516nam a2200097Ia 4500 | ||
|---|---|---|---|
| 008 | 170517s9999 xx 000 0 und d | ||
| 245 | 4 | _aThe Weight of the Nation: Challenges | |
| 300 | _aObesity is a very serious medical condition, no longer viewed as strictly an issue of cosmetics. It's a contributing factor in the death and disability of too many of our neighbors, friends and family members, and its societal costs... | ||
| 650 | _xTechnology. | ||
| 856 | _uhttp://topdocumentaryfilms.com/weight-nation-challenges/ | ||
| 999 |
_c335129 _d335129 |
||